[Event "Tatarstan-ch"]
[Site "Kazan"]
[Date "2016.09.21"]
[Round "6"]
[White "Nureev, Garun"]
[Black "Murtazin, Bulat"]
[Result "1/2-1/2"]
[WhiteElo "2358"]
[BlackElo "2358"]
[PlyCount "199"]
[EventDate "2016.09.16"]
[EventType "swiss"]
[EventRounds "9"]
[EventCountry "RUS"]
[SourceTitle "CBM 174 Extra"]
[Source "ChessBase"]
[SourceDate "2016.10.10"]
[SourceVersion "1"]
[SourceVersionDate "2016.10.10"]
[SourceQuality "1"]

1. d4 Nf6 2. Bf4 g6 3. e3 Bg7 4. Nf3 0-0 5. Be2 d6 6. 0-0 Nbd7 7. h3 Qe8 8. c4 e5 9. Bh2 Qe7 10. Nc3 b6 11. Rc1 Bb7 12. c5 bxc5 13. dxe5 dxe5 14. Qa4 Ne8 15. Rfd1 Nd6 16. Qa5 Rfc8 17. b3 Bc6 18. Nd5 Qd8 19. Ba6 Nb7 20. Qe1 Qe8 21. Nb4 cxb4 22. Rxc6 Ndc5 23. Rxc5 Nxc5 24. Bxc8 Rxc8 25. Qxb4 Nd7 26. Qa4 Nb6 27. Qxa7 e4 28. Nd4 Qd8 29. Rd2 Qd5 30. Bxc7 Be5 31. Bxe5 Rc1+ 32. Kh2 Qxe5+ 33. g3 Nd5 34. Ne2 Re1 35. Qa8+ Kg7 36. Qxd5 Qxd5 37. Rxd5 Rxe2 38. Kg2 Rxa2 39. g4 Rb2 40. Rb5 h6 41. h4 Kf6 42. b4 Rb1 43. g5+ hxg5 44. hxg5+ Ke6 45. Kg3 Rb2 46. Rb7 Rb1 47. b5 Rg1+ 48. Kf4 Rg2 49. Kxe4 Rxf2 50. Rb6+ Ke7 51. Rf6 Rg2 52. Kf4 Rf2+ 53. Kg3 Rb2 54. b6 Rb1 55. Rc6 Kd7 56. Rc7+ Ke6 57. b7 Rb4 58. e4 Rb5 59. Kf3 Rb3+ 60. Ke2 f6 61. gxf6 Kxf6 62. Kd2 Ke5 63. Kc2 Rb6 64. Kd3 Rb1 65. Re7+ Kd6 66. Rg7 Ke5 67. Re7+ Kd6 68. Rh7 Ke5 69. Rg7 g5 70. Rxg5+ Kf6 71. Rc5 Rxb7 72. Kd4 Rb1 73. Rc6+ Ke7 74. Ke5 Rb5+ 75. Kf4 Ra5 76. Rh6 Rb5 77. Ra6 Rc5 78. Ke3 Rb5 79. Rc6 Ra5 80. Rb6 Rc5 81. Kd4 Rh5 82. Rb7+ Ke6 83. Rb8 Ke7 84. Ra8 Rg5 85. Kc4 Rh5 86. Ra3 Rg5 87. Rd3 Ke6 88. Rd8 Rh5 89. Kd4 Rg5 90. Re8+ Kd7 91. Re5 Rxe5 92. Kxe5 Ke7 93. Kd5 Kd7 94. e5 Ke7 95. e6 Ke8 96. Ke5 Ke7 97. Kf5 Ke8 98. Kf6 Kf8 99. e7+ Ke8 100. Ke6 1/2-1/2

[Event "Tatarstan-ch"]
[Site "Kazan"]
[Date "2016.09.19"]
[Round "4"]
[White "Nureev, Garun"]
[Black "Shakirov, Rail"]
[Result "1-0"]
[WhiteElo "2358"]
[BlackElo "2038"]
[PlyCount "121"]
[EventDate "2016.09.16"]
[EventType "swiss"]
[EventRounds "9"]
[EventCountry "RUS"]
[SourceTitle "CBM 174 Extra"]
[Source "ChessBase"]
[SourceDate "2016.10.10"]
[SourceVersion "1"]
[SourceVersionDate "2016.10.10"]
[SourceQuality "1"]

1. d4 Nf6 2. Bf4 d6 3. Nf3 Nh5 4. Be3 g6 5. c4 Bg7 6. Nc3 c5 7. dxc5 Qa5 8. cxd6 Nc6 9. Bd2 exd6 10. Nb5 Qd8 11. Bg5 Qa5+ 12. Bd2 Qd8 13. Bc3 0-0 14. Bxg7 Kxg7 15. e3 a6 16. Nc3 Qb6 17. Qd2 Ne5 18. Be2 Nxf3+ 19. Bxf3 Be6 20. b3 Nf6 21. 0-0 Kg8 22. Rfd1 Rfd8 23. Qd4 Qxd4 24. Rxd4 Rd7 25. Rad1 Rad8 26. Na4 b5 27. cxb5 axb5 28. Nc3 Ra7 29. Rxd6 Rxd6 30. Rxd6 b4 31. Na4 Kg7 32. Rb6 Rc7 33. Rc6 Rd7 34. Nc5 Rd2 35. Nxe6+ fxe6 36. g4 e5 37. g5 Ne8 38. Re6 Kf7 39. Rxe5 Rxa2 40. Rb5 Ke6 41. Rxb4 Nd6 42. Rd4 Rb2 43. b4 Nb5 44. Bg4+ Ke7 45. Rc4 Kd6 46. Kg2 Nc7 47. Bf3 Ne6 48. h4 Ke5 49. Bg4 Nd8 50. Kg3 Kd6 51. Rd4+ Ke7 52. Rd7+ Ke8 53. Rxh7 Rxb4 54. h5 Nf7 55. f4 Rb3 56. Kf3 Rb1 57. hxg6 Nd6 58. Rh8+ Ke7 59. g7 Nf7 60. g8Q Ne5+ 61. Ke4 1-0

[Event "Teberda op"]
[Site "Teberda"]
[Date "2014.01.24"]
[Round "7"]
[White "Sakhvadze, Georgy"]
[Black "Nureev, Garun"]
[Result "1-0"]
[WhiteElo "2118"]
[BlackElo "2340"]
[PlyCount "26"]
[EventDate "2014.01.18"]
[EventType "swiss"]
[EventRounds "9"]
[EventCountry "RUS"]
[SourceTitle "EXT 2018"]
[Source "ChessBase"]
[SourceDate "2017.10.13"]
[SourceVersion "1"]
[SourceVersionDate "2017.10.13"]
[SourceQuality "1"]

1. h4 d5 2. g3 c6 3. Nf3 Bg4 4. Bg2 Nd7 5. d3 e5 6. c4 dxc4 7. dxc4 Ngf6 8. 0-0 Bc5 9. Nc3 0-0 10. Na4 Be7 11. b3 Re8 12. Bb2 Bf8 13. Qc2 Qc7 1-0

[Event "Teberda op"]
[Site "Teberda"]
[Date "2014.01.20"]
[Round "3"]
[White "Rumiantseva, Ksenia"]
[Black "Nureev, Garun"]
[Result "0-1"]
[WhiteElo "1928"]
[BlackElo "2340"]
[PlyCount "64"]
[EventDate "2014.01.18"]
[EventType "swiss"]
[EventRounds "9"]
[EventCountry "RUS"]
[SourceTitle "EXT 2018"]
[Source "ChessBase"]
[SourceDate "2017.10.13"]
[SourceVersion "1"]
[SourceVersionDate "2017.10.13"]
[SourceQuality "1"]

1. d4 b5 2. Nf3 Bb7 3. Bf4 e6 4. e3 a6 5. Nbd2 c5 6. c3 Nf6 7. Bd3 cxd4 8. cxd4 Be7 9. Rc1 d6 10. h3 Nbd7 11. Bg3 Rc8 12. 0-0 Rxc1 13. Qxc1 Qa8 14. Qb1 0-0 15. Rc1 h6 16. Ne1 e5 17. a4 exd4 18. exd4 bxa4 19. Nc4 Ne4 20. Bh2 Bh4 21. f3 Bf2+ 22. Kf1 f5 23. Rc2 Bxd4 24. Nxd6 Bd5 25. Qc1 Ne5 26. Nc4 Nxc4 27. Bxc4 Bxc4+ 28. Rxc4 Qd5 29. Rc2 Qb5+ 30. Re2 a3 31. bxa3 Nc3 32. Qd2 Re8 0-1

[Event "Dos Hermanas Internet f 10th"]
[Site "ICC INT"]
[Date "2009.03.20"]
[Round "1.1"]
[White "Nakamura, Hikaru"]
[Black "Nureev, Garun"]
[Result "1-0"]
[WhiteElo "2699"]
[BlackElo "2340"]
[PlyCount "99"]
[EventDate "2009.03.20"]
[EventType "k.o. (blitz)"]
[EventRounds "5"]
[EventCountry "USA"]
[SourceTitle "CBM 129 Extra"]
[Source "ChessBase"]
[SourceDate "2009.05.05"]
[SourceVersion "2"]
[SourceVersionDate "2009.05.20"]
[SourceQuality "1"]

1. b3 d5 2. Bb2 Bf5 3. g3 e6 4. d3 Nf6 5. Bg2 h6 6. Nd2 Bh7 7. e4 dxe4 8. dxe4 Bb4 9. c3 Bc5 10. Qe2 Nc6 11. Ngf3 0-0 12. 0-0 a5 13. a3 Qe7 14. b4 Bb6 15. Ne1 Rfd8 16. Nc4 axb4 17. axb4 Rxa1 18. Bxa1 Qd7 19. Nxb6 cxb6 20. c4 Qd1 21. Qxd1 Rxd1 22. Nc2 Rxf1+ 23. Kxf1 Bxe4 24. Bxe4 Nxe4 25. Ke2 f6 26. f3 Nd6 27. Kd3 Kf7 28. Bc3 g5 29. b5 Ne5+ 30. Bxe5 fxe5 31. Ne3 h5 32. g4 h4 33. Nf1 e4+ 34. fxe4 Kf6 35. Nd2 Ke5 36. Ke3 Kf6 37. Kd4 Nf7 38. Nf3 Ke7 39. c5 bxc5+ 40. Kxc5 Kd7 41. Kb6 Nd6 42. Nxg5 e5 43. Kc5 Kc7 44. b6+ Kd7 45. h3 Ke7 46. Kd5 Nc8 47. Nf3 Kf6 48. Nxh4 Ne7+ 49. Kd6 Nc6 50. Nf3 1-0

[Event "Dos Hermanas Internet f 10th"]
[Site "ICC INT"]
[Date "2009.03.20"]
[Round "1.3"]
[White "Nakamura, Hikaru"]
[Black "Nureev, Garun"]
[Result "1-0"]
[WhiteElo "2699"]
[BlackElo "2340"]
[PlyCount "65"]
[EventDate "2009.03.20"]
[EventType "k.o. (blitz)"]
[EventRounds "5"]
[EventCountry "USA"]
[SourceTitle "CBM 129 Extra"]
[Source "ChessBase"]
[SourceDate "2009.05.05"]
[SourceVersion "2"]
[SourceVersionDate "2009.05.20"]
[SourceQuality "1"]

1. b3 d5 2. Bb2 Bg4 3. Nf3 Nd7 4. d3 c6 5. Nbd2 Ngf6 6. e4 e6 7. e5 Ng8 8. Be2 Ne7 9. 0-0 c5 10. c4 d4 11. b4 Nc6 12. bxc5 Bxf3 13. Nxf3 Bxc5 14. Rb1 0-0 15. Bc1 b6 16. Bf4 Qc7 17. Re1 Rad8 18. Bf1 f6 19. Bg3 Ndxe5 20. Nxe5 Nxe5 21. Bxe5 fxe5 22. Qg4 Rf5 23. g3 Rdf8 24. Rb2 h5 25. Qe2 h4 26. Bh3 hxg3 27. hxg3 Rxf2 28. Bxe6+ R2f7 29. Qxe5 Bd6 30. Bxf7+ Rxf7 31. Qd5 Bxg3 32. Re8+ Kh7 33. Qh5# 1-0

[Event "Dos Hermanas Internet qual-D 10th"]
[Site "ICC INT"]
[Date "2009.03.14"]
[Round "10"]
[White "Jovic, Stanoje"]
[Black "Nureev, Garun"]
[Result "0-1"]
[WhiteElo "2294"]
[BlackElo "2340"]
[PlyCount "98"]
[EventDate "2009.03.14"]
[EventType "swiss (blitz)"]
[EventRounds "12"]
[EventCountry "ESP"]
[SourceTitle "EXT 2010"]
[Source "ChessBase"]
[SourceDate "2010.11.25"]
[SourceVersion "1"]
[SourceVersionDate "2010.11.25"]
[SourceQuality "1"]

1. c4 g6 2. g3 c5 3. Bg2 Bg7 4. Nf3 Nc6 5. Nc3 e6 6. 0-0 Nge7 7. d4 Nxd4 8. Ne4 d6 9. e3 Nxf3+ 10. Bxf3 Nf5 11. g4 Nh4 12. Nxd6+ Ke7 13. Nxc8+ Qxc8 14. Bh1 Rd8 15. Qb3 e5 16. Qxb7+ Qxb7 17. Bxb7 Rab8 18. Bd5 e4 19. Bxe4 Bxb2 20. Rb1 Bxc1 21. Rfxc1 f5 22. gxf5 gxf5 23. Bd5 Rb6 24. Rxb6 axb6 25. Rb1 Rd6 26. Rb3 Ng6 27. Ra3 b5 28. Ra7+ Kf6 29. f4 Ne7 30. Kf2 Nxd5 31. cxd5 Rxd5 32. Ra6+ Kf7 33. Rb6 c4 34. a4 bxa4 35. Rb4 Ra5 36. Rxc4 a3 37. Rc1 a2 38. Ra1 Ke6 39. Kg3 Kd5 40. Kh4 Kc4 41. Kg5 Kb3 42. Kh6 Kb2 43. Rxa2+ Kxa2 44. Kxh7 Kb3 45. Kg6 Kc4 46. h4 Kd3 47. h5 Kxe3 48. Kg5 Ke4 49. h6 Ra7 0-1

[Event "Dos Hermanas Internet qual-B 10th"]
[Site "ICC INT"]
[Date "2009.03.13"]
[Round "12"]
[White "Handke, Florian"]
[Black "Nureev, Garun"]
[Result "1/2-1/2"]
[WhiteElo "2496"]
[BlackElo "2340"]
[PlyCount "129"]
[EventDate "2009.03.13"]
[EventType "swiss (blitz)"]
[EventRounds "12"]
[EventCountry "ESP"]
[SourceTitle "CBM 129 Extra"]
[Source "ChessBase"]
[SourceDate "2009.05.05"]
[SourceVersion "2"]
[SourceVersionDate "2009.05.20"]
[SourceQuality "1"]

1. e4 d5 2. exd5 Nf6 3. Nf3 Nxd5 4. d4 g6 5. h3 Bg7 6. c4 Nb6 7. Nc3 0-0 8. Be3 Nc6 9. Qd2 e5 10. 0-0-0 exd4 11. Nxd4 Nxd4 12. Bxd4 Bxd4 13. Qxd4 Qxd4 14. Rxd4 c5 15. Rd6 Re8 16. Nb5 Be6 17. Nc7 Red8 18. Rxe6 fxe6 19. Nxa8 Nxa8 20. Be2 Nc7 21. Re1 b6 22. b3 Kf7 23. h4 h6 24. g3 e5 25. Bf3 Kf6 26. Kc2 Ne6 27. Be4 Nd4+ 28. Kb2 a5 29. g4 g5 30. Rh1 Ne2 31. Kc2 Nf4 32. a3 Rd4 33. f3 gxh4 34. Rxh4 Kg5 35. Rh1 a4 36. bxa4 Rxc4+ 37. Kb3 Rd4 38. Rc1 Ne2 39. Rc2 Ng3 40. a5 Nxe4 41. fxe4 bxa5 42. Rxc5 Rxe4 43. Rxa5 Kxg4 44. a4 h5 45. Ra8 Re1 46. Rg8+ Kf3 47. a5 Ra1 48. Kb4 e4 49. Rf8+ Kg2 50. Re8 Kf3 51. Rf8+ Ke2 52. Rh8 e3 53. Rxh5 Kd3 54. Rd5+ Ke4 55. Rd8 e2 56. Re8+ Kd3 57. Kb5 Rb1+ 58. Kc6 Rc1+ 59. Kb7 Rb1+ 60. Kc7 Rb4 61. a6 Rc4+ 62. Kb8 Rb4+ 63. Kc7 Rc4+ 64. Kb8 Rb4+ 65. Kc7 1/2-1/2

[Event "Dos Hermanas Internet qual-B 10th"]
[Site "ICC INT"]
[Date "2009.03.13"]
[Round "9"]
[White "Nureev, Garun"]
[Black "Cuevas, Alex"]
[Result "1-0"]
[WhiteElo "2340"]
[BlackElo "2244"]
[PlyCount "57"]
[EventDate "2009.03.13"]
[EventType "swiss (blitz)"]
[EventRounds "12"]
[EventCountry "ESP"]
[SourceTitle "CBM 129 Extra"]
[Source "ChessBase"]
[SourceDate "2009.05.05"]
[SourceVersion "2"]
[SourceVersionDate "2009.05.20"]
[SourceQuality "1"]

1. d4 Nf6 2. Bf4 c5 3. e3 e6 4. c3 Be7 5. Nd2 0-0 6. h3 b6 7. Ngf3 Bb7 8. Bd3 d6 9. 0-0 Nbd7 10. Qe2 Rc8 11. a4 Qc7 12. a5 e5 13. dxe5 Nxe5 14. Nxe5 dxe5 15. Bh2 Rfe8 16. axb6 axb6 17. Ra7 Qb8 18. Rxb7 Qxb7 19. Ba6 Qc7 20. Bxc8 Rxc8 21. Qb5 Nd5 22. Nc4 f6 23. Rd1 Qb7 24. e4 Nf4 25. Bxf4 exf4 26. f3 Rc7 27. Rd8+ Bf8 28. Qe8 Rf7 29. Nd6 1-0

[Event "Dos Hermanas Internet qual-B 10th"]
[Site "ICC INT"]
[Date "2009.03.13"]
[Round "5"]
[White "Nureev, Garun"]
[Black "Smeets, Jan"]
[Result "1-0"]
[WhiteElo "2340"]
[BlackElo "2601"]
[PlyCount "29"]
[EventDate "2009.03.13"]
[EventType "swiss (blitz)"]
[EventRounds "12"]
[EventCountry "ESP"]
[SourceTitle "CBM 129 Extra"]
[Source "ChessBase"]
[SourceDate "2009.05.05"]
[SourceVersion "2"]
[SourceVersionDate "2009.05.20"]
[SourceQuality "1"]

1. d4 d5 2. Bf4 c5 3. e3 Nc6 4. Nc3 e6 5. Nb5 Qa5+ 6. c3 Kd7 7. dxc5 Bxc5 8. e4 Nf6 9. exd5 exd5 10. Nc7 Qb6 11. Qd2 Ne4 12. Qxd5+ Bd6 13. Qxe4 Kxc7 14. Bxd6+ Kxd6 15. 0-0-0+ 1-0

[Event "Dos Hermanas Internet qual-B 10th"]
[Site "ICC INT"]
[Date "2009.03.13"]
[Round "8"]
[White "Wang, Rui"]
[Black "Nureev, Garun"]
[Result "1-0"]
[WhiteElo "2409"]
[BlackElo "2340"]
[PlyCount "149"]
[EventDate "2009.03.13"]
[EventType "swiss (blitz)"]
[EventRounds "12"]
[EventCountry "ESP"]
[SourceTitle "CBM 129 Extra"]
[Source "ChessBase"]
[SourceDate "2009.05.05"]
[SourceVersion "2"]
[SourceVersionDate "2009.05.20"]
[SourceQuality "1"]

1. Nf3 g6 2. c4 Bg7 3. g3 c5 4. Bg2 Nc6 5. 0-0 e6 6. Nc3 Nge7 7. b3 d5 8. Bb2 0-0 9. e3 d4 10. Ne4 b6 11. exd4 cxd4 12. d3 Bb7 13. Re1 a5 14. a3 Qd7 15. Bc1 f5 16. Ned2 e5 17. Nf1 Rae8 18. Bg5 h6 19. Bxe7 Rxe7 20. N3d2 Kh7 21. Rb1 Qd6 22. b4 axb4 23. axb4 Nxb4 24. Qb3 Bxg2 25. Qxb4 Qxb4 26. Rxb4 Bxf1 27. Kxf1 Re6 28. Kg2 Rff6 29. f3 Bf8 30. Rb5 Bc5 31. Nb3 e4 32. fxe4 fxe4 33. Rxe4 Rxe4 34. dxe4 d3 35. Nxc5 bxc5 36. Rb7+ Kg8 37. Rd7 Re6 38. Kf3 Rb6 39. Rxd3 Rb4 40. Rc3 Kf7 41. e5 Ke6 42. Ke4 g5 43. h4 gxh4 44. gxh4 Rb1 45. Rg3 Re1+ 46. Kf4 Rf1+ 47. Ke4 Re1+ 48. Kf4 Rf1+ 49. Ke3 Kxe5 50. Rg6 Rf6 51. Rxf6 Kxf6 52. Ke4 h5 53. Kf4 Ke6 54. Ke4 Kf6 55. Kd5 Kf5 56. Kxc5 Kg4 57. Kd4 Kxh4 58. c5 Kg3 59. c6 h4 60. c7 h3 61. c8Q h2 62. Qg8+ Kf2 63. Qf7+ Kg1 64. Qg6+ Kf2 65. Qf5+ Kg2 66. Qg4+ Kf2 67. Qh3 Kg1 68. Qg3+ Kh1 69. Qe1+ Kg2 70. Qe4+ Kg1 71. Qg4+ Kf2 72. Qd1 Kg2 73. Qe2+ Kg1 74. Ke3 Kh1 75. Qf1# 1-0

[Event "Internet Section 17-B"]
[Site "Dos Hermanas"]
[Date "2003.03.17"]
[Round "7"]
[White "Kanep, Meelis"]
[Black "Nureev, Garun"]
[Result "0-1"]
[WhiteElo "2445"]
[BlackElo "2456"]
[PlyCount "174"]
[EventDate "2003.03.17"]
[EventType "swiss (blitz)"]
[EventRounds "9"]
[EventCountry "ESP"]
[SourceTitle "EXT 2004"]
[Source "ChessBase"]
[SourceDate "2003.11.25"]
[SourceVersion "1"]
[SourceVersionDate "2003.11.25"]
[SourceQuality "1"]

1. d4 Nf6 2. Bg5 Ne4 3. Bf4 d5 4. f3 Nf6 5. e4 dxe4 6. Nc3 Nd5 7. Nxd5 Qxd5 8. Qd2 Nc6 9. Be3 e5 10. fxe4 Qxe4 11. Bd3 Qh4+ 12. g3 Qh5 13. d5 Nd4 14. c3 Nf3+ 15. Nxf3 Qxf3 16. Bb5+ Bd7 17. Rf1 Qh5 18. Bxd7+ Kxd7 19. Qd3 a6 20. Kd2 f6 21. h4 Qg6 22. Rf5 Rd8 23. Bf2 Kc8 24. c4 Bb4+ 25. Kc2 Rhe8 26. Qe4 Qf7 27. g4 Qd7 28. Rf3 Be7 29. Rd1 g6 30. c5 h5 31. gxh5 gxh5 32. c6 Qg4 33. cxb7+ Kd7 34. Qe2 Qa4+ 35. Rb3 Rb8 36. Kb1 f5 37. Qc2 Qe4 38. Rdd3 Kd8 39. a3 Rg8 40. Ka2 Rg2 41. d6 Bxd6 42. Qd2 Ke7 43. Qh6 Rxf2 44. Qh7+ Ke6 45. Qg6+ Ke7 46. Qg7+ Ke6 47. Qg6+ Ke7 48. Qh7+ Ke6 49. Rg3 Be7 50. Rg6+ Bf6 51. Qxc7 Rf1 52. Qb6+ Kd5 53. Qa5+ Ke6 54. Qxa6+ Kd7 55. Qb5+ Kd6 56. Qb6+ Kd5 57. Rb5+ Kc4 58. Qc5+ Kd3 59. Rb3+ Kd2 60. Qc3+ Kd1 61. Rb4 Qd5+ 62. Rb3 Rxb7 63. Rxf6 Qxb3+ 64. Qxb3+ Rxb3 65. Kxb3 e4 66. a4 e3 67. Rd6+ Kc1 68. Rc6+ Kb1 69. Re6 f4 70. a5 Rd1 71. a6 Rd7 72. Kc3 Kc1 73. b4 Kd1 74. b5 e2 75. b6 f3 76. b7 f2 77. b8Q e1Q+ 78. Rxe1+ fxe1Q+ 79. Kb3 Rd3+ 80. Ka4 Qe4+ 81. Kb5 Rb3+ 82. Kc5 Rxb8 83. a7 Rc8+ 84. Kb6 Ra8 85. Ka6 Qc6+ 86. Ka5 Qb7 87. Ka4 Rxa7# 0-1

[Event "Internet Section 17-B"]
[Site "Dos Hermanas"]
[Date "2003.03.17"]
[Round "4"]
[White "Nureev, Garun"]
[Black "Murgescu, Radu"]
[Result "1-0"]
[WhiteElo "2456"]
[BlackElo "2114"]
[PlyCount "59"]
[EventDate "2003.03.17"]
[EventType "swiss (blitz)"]
[EventRounds "9"]
[EventCountry "ESP"]
[SourceTitle "EXT 2004"]
[Source "ChessBase"]
[SourceDate "2003.11.25"]
[SourceVersion "1"]
[SourceVersionDate "2003.11.25"]
[SourceQuality "1"]

1. Nf3 g6 2. c4 Bg7 3. Nc3 Nf6 4. e4 c5 5. d4 cxd4 6. Nxd4 d6 7. Be2 Nc6 8. Be3 0-0 9. 0-0 h5 10. h3 Nxd4 11. Bxd4 Bd7 12. Rc1 Bc6 13. Bd3 Nd7 14. Bxg7 Kxg7 15. f4 Qb6+ 16. Rf2 Qd4 17. Qe2 a5 18. Rd1 Qc5 19. Kh1 Rab8 20. Nd5 e6 21. Nc3 b6 22. Rdf1 d5 23. cxd5 exd5 24. exd5 Bxd5 25. f5 Nf6 26. fxg6 Rbe8 27. Qd2 fxg6 28. Qg5 Qe3 29. Qxg6+ Kh8 30. Nxd5 1-0

[Event "Internet Section 16-B"]
[Site "Dos Hermanas"]
[Date "2003.03.16"]
[Round "2"]
[White "Nureev, Garun"]
[Black "Altukhov, Sergei"]
[Result "1-0"]
[WhiteElo "2456"]
[BlackElo "2347"]
[PlyCount "113"]
[EventDate "2003.03.16"]
[EventType "swiss (blitz)"]
[EventRounds "9"]
[EventCountry "ESP"]
[SourceTitle "EXT 2004"]
[Source "ChessBase"]
[SourceDate "2003.11.25"]
[SourceVersion "1"]
[SourceVersionDate "2003.11.25"]
[SourceQuality "1"]

1. Nf3 c5 2. c4 b6 3. e3 Bb7 4. Nc3 g6 5. d4 Bg7 6. d5 Nf6 7. e4 d6 8. Bd3 0-0 9. 0-0 Na6 10. h3 Nc7 11. a4 e6 12. Bf4 e5 13. Be3 Nh5 14. g3 Bc8 15. Kg2 Qd7 16. Rh1 a6 17. Nh4 Bf6 18. Nf5 Kh8 19. Be2 gxf5 20. Bxh5 f4 21. gxf4 Rg8+ 22. Kf1 exf4 23. Bxf4 Qe7 24. Qf3 Ne8 25. Bg4 Be5 26. Bd2 Nf6 27. Bxc8 Raxc8 28. Ke2 Rg6 29. Rag1 Rcg8 30. Rxg6 Rxg6 31. Kd3 Nd7 32. Kc2 Bd4 33. Rh2 Ne5 34. Qe2 Rg1 35. f4 Ng6 36. Rg2 Rh1 37. Qg4 Qe8 38. f5 Ne7 39. Bh6 Qg8 40. Qf3 Qe8 41. Qg4 Qg8 42. Bf4 Qxg4 43. hxg4 Nc8 44. Ne2 Be5 45. Bd2 Ra1 46. Kb3 Na7 47. Bc3 f6 48. g5 Bxc3 49. Nxc3 Kg7 50. gxf6+ Kxf6 51. Rg8 b5 52. axb5 axb5 53. cxb5 Ke5 54. b6 c4+ 55. Kxc4 h5 56. b7 Nb5 57. Kxb5 1-0

[Event "Internet Section 16-B"]
[Site "Dos Hermanas"]
[Date "2003.03.16"]
[Round "3"]
[White "Soto Vega, Jorge"]
[Black "Nureev, Garun"]
[Result "0-1"]
[WhiteElo "2374"]
[BlackElo "2456"]
[PlyCount "74"]
[EventDate "2003.03.16"]
[EventType "swiss (blitz)"]
[EventRounds "9"]
[EventCountry "ESP"]
[SourceTitle "EXT 2004"]
[Source "ChessBase"]
[SourceDate "2003.11.25"]
[SourceVersion "1"]
[SourceVersionDate "2003.11.25"]
[SourceQuality "1"]

1. e4 d5 2. exd5 Nf6 3. d4 Nxd5 4. Nf3 g6 5. Be2 Bg7 6. 0-0 0-0 7. h3 Nc6 8. c4 Nb6 9. Be3 e5 10. d5 Na5 11. Na3 e4 12. Nd4 c5 13. dxc6 Nxc6 14. Nxc6 bxc6 15. Qc2 Qe7 16. Rad1 f5 17. c5 Nd5 18. Bc4 Be6 19. Bd4 Bxd4 20. Rxd4 Rad8 21. Bb3 Nf4 22. Rfd1 Nd3 23. Rxd8 Rxd8 24. Bc4 Bxc4 25. Qxc4+ Rd5 26. Qb3 Qxc5 27. Rf1 Qb4 28. Qc2 Rc5 29. Qe2 Qxb2 30. Qxb2 Nxb2 31. Rb1 Nd3 32. Rb8+ Kf7 33. Rb7+ Ke6 34. Rxa7 Rc1+ 35. Kh2 f4 36. Ra6 Nxf2 37. Nb5 Rh1# 0-1

[Event "Moscow"]
[Site "Moscow"]
[Date "2003.??.??"]
[Round "7"]
[White "Zimina, Olga"]
[Black "Nureev, Garun"]
[Result "1-0"]
[WhiteElo "2358"]
[BlackElo "2456"]
[PlyCount "101"]
[EventDate "2003.02.??"]
[EventType "tourn"]
[EventRounds "11"]
[EventCountry "RUS"]
[EventCategory "8"]
[SourceTitle "EXT 2004"]
[Source "ChessBase"]
[SourceDate "2003.11.25"]
[SourceVersion "1"]
[SourceVersionDate "2003.11.25"]
[SourceQuality "1"]

1. e4 g6 2. d4 Bg7 3. Nf3 d6 4. c3 Nf6 5. Bd3 0-0 6. 0-0 Nc6 7. Nbd2 e5 8. Re1 Nh5 9. Nb3 a5 10. a4 Bg4 11. dxe5 dxe5 12. h3 Be6 13. Nc5 Bc8 14. Bb5 Qe7 15. Be3 Na7 16. Bc4 b6 17. Nb3 Bb7 18. Qc2 Nc8 19. Nbd2 Nd6 20. Bd5 c6 21. Bb3 c5 22. Bg5 Qc7 23. Nc4 Nxc4 24. Bxc4 h6 25. Bh4 Kh7 26. Rad1 f5 27. exf5 gxf5 28. Bb5 Bc8 29. Nxe5 Bxe5 30. Qe2 Bh2+ 31. Kh1 Ng7 32. g3 Bxg3 33. fxg3 Ra7 34. Qe5 Qf7 35. Rd6 Ba6 36. Rf6 Bxb5 37. Rxf7 Bc6+ 38. Kg1 Raxf7 39. Qd6 Be4 40. Re2 Rc8 41. Rd2 Rc6 42. Qb8 Ne6 43. Qe8 Rg7 44. Kf2 Nc7 45. Qb8 Bd5 46. Qd8 Rg8 47. Qd7+ Rg7 48. Qxf5+ Kg8 49. Rxd5 Rf7 50. Rd8+ Kg7 51. Rd7 1-0

[Event "RUS-chT 09th Group2"]
[Site "Ekaterinburg"]
[Date "2002.05.22"]
[Round "6"]
[White "Baklan, Vladimir"]
[Black "Nureev, Garun"]
[Result "1/2-1/2"]
[WhiteElo "2618"]
[BlackElo "2457"]
[PlyCount "96"]
[EventDate "2002.05.17"]
[EventType "team-tourn"]
[EventRounds "7"]
[EventCountry "RUS"]
[SourceTitle "EXT 2020"]
[Source "ChessBase"]
[SourceDate "2019.10.17"]
[SourceVersion "1"]
[SourceVersionDate "2019.10.17"]
[SourceQuality "1"]
[WhiteTeam "Kazan Ladya"]
[BlackTeam "Satka Magnezit"]
[WhiteTeamCountry "RUS"]
[BlackTeamCountry "RUS"]

1. e4 c5 2. Nf3 Nc6 3. Bb5 d6 4. 0-0 Bd7 5. Re1 a6 6. Bf1 Bg4 7. c3 Nf6 8. d3 e6 9. Nbd2 Be7 10. h3 Bh5 11. g4 Bg6 12. Bg2 h6 13. Nf1 d5 14. e5 Nd7 15. Bf4 b5 16. Re2 Nb6 17. Bh2 Rc8 18. Rd2 0-0 19. Rc1 Qd7 20. Ng3 f6 21. Ne2 Bh7 22. b3 Rf7 23. exf6 Bxf6 24. d4 cxd4 25. cxd4 Rcf8 26. Bg3 Nc8 27. Ne5 Bxe5 28. dxe5 N8e7 29. Nd4 Nxd4 30. Rxd4 g5 31. Qe1 Qa7 32. Qb4 Qb6 33. Rd2 Rc8 34. Rdd1 Bc2 35. Rd2 Bh7 36. Rxc8+ Nxc8 37. a4 Rc7 38. axb5 Qxb5 39. Qxb5 axb5 40. f4 Rc3 41. Kf2 gxf4 42. Bxf4 Nb6 43. Ra2 Rxb3 44. Ra6 Nc4 45. Ra8+ Kf7 46. Ra7+ Kg8 47. Ra8+ Kf7 48. Ra7+ Kg8 1/2-1/2

[Event "Moscow-ch 1/2 final"]
[Site "Moscow"]
[Date "2002.??.??"]
[Round "5"]
[White "Dvalishvili, Pavel S"]
[Black "Nureev, Garun"]
[Result "1-0"]
[WhiteElo "2374"]
[BlackElo "2462"]
[PlyCount "75"]
[EventDate "2002.03.??"]
[EventType "swiss"]
[EventRounds "11"]
[EventCountry "RUS"]
[SourceTitle "EXT 2003"]
[Source "ChessBase"]
[SourceDate "2002.11.25"]
[SourceVersion "1"]
[SourceVersionDate "2002.11.25"]
[SourceQuality "1"]

1. Nf3 c5 2. g3 Nc6 3. Bg2 d5 4. d4 Nf6 5. 0-0 e6 6. c4 Be7 7. cxd5 exd5 8. dxc5 Bxc5 9. Bg5 0-0 10. Nc3 d4 11. Ne4 Be7 12. Bxf6 Bxf6 13. Nxf6+ Qxf6 14. Qd2 Bg4 15. h3 Bh5 16. Rac1 Rfe8 17. Rc5 Bg6 18. Rfc1 Rad8 19. b4 d3 20. e3 Be4 21. Ne1 Bxg2 22. Kxg2 a6 23. b5 axb5 24. Rxb5 Qe6 25. Rxb7 Qe4+ 26. Kh2 Re6 27. Rb3 Rh6 28. f3 Qe6 29. h4 Ne5 30. f4 Qg4 31. fxe5 g5 32. Rb4 Qf5 33. Rd4 gxh4 34. Rxd8+ Kg7 35. g4 Qxe5+ 36. Kh1 Rf6 37. Nxd3 Qe7 38. Nf4 1-0

[Event "Moscow-ch 1/2 final"]
[Site "Moscow"]
[Date "2002.??.??"]
[Round "4"]
[White "Nureev, Garun"]
[Black "Mitenkov, Alexey"]
[Result "0-1"]
[WhiteElo "2462"]
[BlackElo "2428"]
[PlyCount "64"]
[EventDate "2002.03.??"]
[EventType "swiss"]
[EventRounds "11"]
[EventCountry "RUS"]
[SourceTitle "EXT 2003"]
[Source "ChessBase"]
[SourceDate "2002.11.25"]
[SourceVersion "1"]
[SourceVersionDate "2002.11.25"]
[SourceQuality "1"]

1. c4 e6 2. Nc3 Bb4 3. Qc2 Nf6 4. d4 0-0 5. Bg5 c5 6. dxc5 Na6 7. a3 Bxc3+ 8. Qxc3 Nxc5 9. Qc2 Nce4 10. Bh4 Qa5+ 11. b4 Qh5 12. Nf3 a5 13. Rb1 axb4 14. axb4 d5 15. Bxf6 Nxf6 16. e3 e5 17. Rd1 Bd7 18. b5 Rfc8 19. c5 d4 20. c6 bxc6 21. b6 Rcb8 22. exd4 exd4 23. Be2 Qa5+ 24. Nd2 Rxb6 25. 0-0 Qc3 26. Qxc3 dxc3 27. Nc4 Rb4 28. Ne5 Re4 29. Nxd7 Rxe2 30. Nxf6+ gxf6 31. Rd3 c2 32. Rc1 Rae8 0-1